000 00942nas a2200289 4500
001 BR2015002493
003 BR-BrBNA
005 20231205125250.0
007 ta
008 230509b bl.|||p| |||| 00| 00por d
040 _aBR-BrBNA
_bpor
_cBiblioteca Nacional de Agricultura
041 _a(En)
072 _aU10; Q02
100 1 _aAlibas, I.
110 1 _a
245 1 _aMathematical modeling of microwave dried celery leaves and determination of the effective moisture diffusivities and activation energy
650 _aAIPO
650 _aSECAGEM
650 _aSECAGEM ARTIFICIAL
650 _aMODELO MATEMATICO
650 _aENERGIA
650 _aVELOCIDADE
773 0 _tCiência e Tecnologia de Alimentos (Brazil)
_xISSN 1678-457X
_g(Apr-Jun 2014), v. 34(2) p. 394-401
_wBR2015002493
856 4 0 _uhttp://www.scielo.br/pdf/cta/v34n2/aop_cta_6320.pdf
909 _a202311
_bLúcia
_c55
_dLúcia Elande
942 _2AGRIS
_n0
_cANA
999 _c243515
_d243515